000 01175nam a2200205Ia 4500
001 14629
003 GE_BSU
008 181216s||||||||xx |||||||||||||| ||und||
040 _cGE_BSU
080 _a821.353.1+821.353.1-32
100 _aლორთქიფანიძე,ნიკო
245 _aთხზულებანი 4 ტომად. [ბ.ჟღენტის შესავ. წერილით ”ნიკო ლორთქიფანიძე”]. მოთხრობები ტ.1 1905-1913
245 _cსარედ. კოლ.მ.ლორთქიფანიძე, გ. გვერდწითელი, გ. მიქაძე და სხვა. ტომი გამოსაც. მოამზ. ვარიანტები და შენიშვნ. დაურთო ს. ყუბანეიშვილმა. ტომის რედ. გ.გვერდწითელი
260 _aთბილისი
260 _bსაბჭოთა საქართველო
260 _c1973
300 _a513გვ.1ფ.პორტრ.21სმ.
653 _aმოთხრობები
942 _cBK
999 _c47757
_d47757